• 首页
  • 本馆介绍
  • 公告通知
  • 最新文献
  • 馆藏检索
  • 电子资源
  • 读者导购
  • 参考咨询
  • 我的图书馆
  • 登录
  • 详细信息显示
  • 放入我的书架
  • 预约/预借图书
  • 作者相关作品
  • 分类相关作品
  • 丛书相关作品
  • 出版社相关作品

书目信息

  • 表格格式
  • 工作单格式
  • 卡片格式
题名:
上海罢工
    
 
作者: 裴宜理 著 ;刘平 译
分册:  
出版信息: 南京   江苏人民出版社  2001
页数: 265页
开本: 32开
丛书名: 海外中国研究丛书
单 册:
中图分类: D412.851
科图分类:
主题词: 工人运动 , 工人群众组织
电子资源:
ISBN: 7-214-02993-6
000 00806nam0 2200253 45
001 0205150929
005 20031219104055.7
010    @a7-214-02993-6@dCNY19.00
100    @a20020515d2001 km y0chiy0120 ea
101 0  @achi@ceng
105    @a z 000yy
200 1  @a上海罢工@AShang Hai Ba Gong@e中国工人政治研究@EZhong Guo Gong Ren Zheng Zhi Yan Jiu@f(美)裴宜理著@F(Mei)Pei Yi Li Zhu@g刘平译
210    @a南京@c江苏人民出版社@d2001
215    @a265页@d32开
225    @a海外中国研究丛书
410    @12001 @a海外中国研究丛书
517    @a中国工人政治研究@AZhong Guo Gong Ren Zheng Zhi Yan Jiu
606 0  @a工人运动
606 0  @a工人群众组织
690    @aD412.851@v4
701    @a裴宜理@4著
702  0 @a刘平@ALiu Ping@4译
801    @aCN@bTSTC@c20020515
905    @b310278-282@dD412.851@e18@f5
    
    上海罢工:中国工人政治研究/(美)裴宜理著/刘平译.-南京:江苏人民出版社,2001
    265页;32开.-(海外中国研究丛书)
    
    
    ISBN 7-214-02993-6:CNY19.00
    
●
相关链接 在E读中查询图书 在五车中查询图书 在当当中查询图书 在豆瓣中查询图书


正题名:上海罢工     索取号:D412.851/18         预约/预借

序号 登录号 条形码 馆藏地/架位号 状态 备注
1 0310278   203102784   第一借阅区/ [索取号:D412.851/18] 在馆    
2 0310279   203102793   第一借阅区/ [索取号:D412.851/18] 在馆    
3 0310280   203102800   第一借阅区/ [索取号:D412.851/18] 在馆    
4 0310281   203102819   第一借阅区/ [索取号:D412.851/18] 在馆    
5 0310282   203102828   第一样本阅览室/ [索取号:D412.851/18] 在馆    
唐山师范学院图书馆 欢迎您!
大连网信软件有限公司© 版权所有